Vrai nom des youtubeurs francophones #2 - Statistiques

Statistiques générales
  • Ce quiz a été pris 93 fois
  • Le résultat moyen est 11 sur 20
Statistiques - réponses
Nom de naissance Nom sur YouTube % Correct
David Coscas &Raphaël Carlier Mcfly et Carlito
96%
Sidjil Mahiddine Ben Gana Djilsi
80%
Théodore Levisse Théodort
80%
Hugo Travers HugoDécrypte
72%
Ibraguim Tsetchoev IbraTV
72%
Sylvain Levy & Pierre Chabrier Vilebrequin
67%
Danielle Renault Studio Danielle
65%
Valentin Jean & Jenny Letellier Le Monde à l'envers
64%
Kamel Kebir Kameto
61%
Maxence Lapérousse Maxence
60%
Cyril Soudant CYRILmp4
56%
Maxence Turlot Anyme023
49%
Georges Maroun Kikano GMK
48%
Roxane Piana L'atelier de Roxane
44%
Grégoire Ludig & David Marsais Palmashow
44%
Thomas Iturralde & Damien Laguionie Wankil Studio (Laink & Terracid)
35%
Arianne Vallières Cocottee_
23%
Emmanuel Gandon, Ugo Marchand & Charles Falque-Pierrotin Lolywood (Manu, Ugo & Choopa)
19%
Flavie Frémo Dooms
17%
Maxime Cohen Sora
7%
Aucun quiz correspondant
Distribution des résultats
% des personnes avec chaque résultat
Percentile par nombre de réponses
Votre historique - résultats
Vous n’avez pas pris ce quiz